Paesi di confine n°2 - Statistics

Statistiche generali
  • Questo quiz è stato fatto 125 volte
  • Il punteggio medio è 43 su 51
Statistiche sulle risposte
Hint Risposta % Corretto
Andorra Francia
99%
Lussemburgo Francia
99%
Bielorussia Russia
99%
Messico Stati Uniti
99%
Svezia Finlandia
98%
Svezia Norvegia
98%
Bielorussia Polonia
97%
Tunisia Libia
96%
Bielorussia Ucraina
96%
Tunisie Algeria
95%
Andorra Spagna
95%
Perù Cile
94%
Lussemburgo Belgio
93%
Perù Colombia
93%
Perù Ecuador
93%
Lussemburgo Germania
93%
Slovenia Italia
93%
Perù Brasile
91%
Slovenia Croazia
91%
Macedonia del Nord Grecia
90%
Bielorussia Lituania
89%
Macedonia del Nord Kosovo
88%
Macedonia del Nord Serbia
88%
Somalia Etiopia
87%
Bielorussia Lettonia
86%
Arabia Saudita Yemen
86%
Slovenia Ungheria
85%
Macedonia del Nord Albania
84%
Slovenia Austria
84%
Perù Bolivia
84%
North Macedonia Bulgaria
84%
Arabia Saudita Oman
84%
Messico Belize
83%
Messico Guatemala
83%
Somalia Kenya
83%
Arabia Saudita Qatar
79%
Bhoutan India
77%
Bhoutan Cina
76%
Arabia Saudita Emirati Arabi Uniti
76%
Somalia Gibuti
74%
Arabia Saudita Giordania
74%
Arabia Saudita Iraq
73%
Malawi Zambia
71%
Arabia Saudita Kuwait
70%
Senegal Mali
68%
Senegal Mauritania
68%
Malawi Mozambico
68%
Senegal Gambia
67%
Malawi Tanzania
64%
Senegal Guinea
61%
Senegal Guinea-Bissau
50%
Nessun quiz corrispondente trovato
Distribuzione punteggi
Percentuale di utenti per punteggio
Percentile per numero di risposta
I tuoi punteggi nel tempo
Non hai fatto questo quiz